00888cam a2200229 a 450000100100000000500170001000800410002702000150006804000230008308200180010610000370012424500890016126000430025030000280029350400410032165100370036265000550039970000340045491000340048895201210052299900150064300000571220200929151744.0010615s2000 cu a b 000 0 spa  a9592241112 aDO-SdBNPcDLCdDLC a972.91bR696c1 aRodríguez La O, Raúl.91613110aCuba en mi corazón /cRaúl Rodríguez La O. ; edición, Felipa Suárez Ramos. aLa Habana, Cuba :bVerde Olivo,c2000. a198 p. :bil. ;c22 cm. aIncluye referencias bibliográficas 4aCubaxHistoriay1810-1899.92159 4aPeriodistasxCorrespondencia, memorias, etc9161461 aSuárez Ramos, Felipa916139 aCatalogación por copia / LC 001052708MOaGRbGRcCTd2009-08-21iLF1l0o972.91 R696cp5712-10r2020-06-25w2020-06-25y2ZPréstamo interno c5508d5508